000 00652nam a2200205 4500
010 _a045861
035 _a045861
037 _bCen Lib / Ret
040 _aDPL
_bEn
082 _a320.81
_bSTA
100 _aStalin, J. V.
245 _aJ. V. Stalin works :
_bnovember 1917-1920 /
260 _aMoscow
_bForeign Languages Publishing House
_c1953
270 _aForeign Languages Publishing House
_bMoscow
300 _a(v 4. 494)
_c24cm(Hb)
650 _aStalin, Joseph, -- 1878-1953.
650 _aCommunism -- Soviet Union.
650 _aSoviet Union -- Politics and government -- 1917-1936.
942 _2ddc
_cEN
_h320.81
_mSTA
999 _c136956
_d136956